[Event "Campeonato del Mundo sub-18 Femenino"]
[Site "Kemer TUR"]
[Date "2009.11.12"]
[Round "1.1"]
[White "Savina, Anastasia"]
[Black "Iordanidou, Zoi"]
[Result "1-0"]
[WhiteElo "2401"]
[BlackElo "2060"]
[PlyCount "81"]
[EventDate "2009.11.11"]
[EventType "swiss"]
[EventRounds "11"]
[EventCountry "TUR"]
[Source "lmi"]
[SourceDate "2009.11.11"]

1. d4 Nf6 2. c4 c5 3. d5 b5 4. cxb5 a6 5. bxa6 g6 6. Nc3 Bxa6 7. Nf3 Bg7 8. g3
d6 9. Bg2 Nbd7 10. Rb1 O-O 11. O-O Qa5 12. Bd2 Rfb8 13. Re1 Ng4 14. Qc2 Bc8 15.
b3 Nge5 16. Nxe5 Nxe5 17. a4 Bf5 18. e4 Bg4 19. h3 Bf3 20. Nb5 Qd8 21. Bc3 Bxg2
22. Kxg2 f6 23. Bxe5 fxe5 24. Re3 Rc8 25. Na3 Qd7 26. Nc4 Qb7 27. Rf3 Bh6 28.
h4 Rf8 29. Rxf8+ Rxf8 30. Na5 Qd7 31. b4 Qg4 32. Qd3 Bd2 33. f3 Qh5 34. Qxd2
Qxf3+ 35. Kh2 Qxe4 36. Re1 Qg4 37. Nc6 Rf3 38. Qg2 cxb4 39. a5 Ra3 40. Re4 Qd7
41. Rxb4 1-0

[Event "Campeonato del Mundo sub-18 Femenino"]
[Site "Kemer TUR"]
[Date "2009.11.12"]
[Round "1.2"]
[White "Laurusaite, Brigita"]
[Black "Girya, Olga"]
[Result "0-1"]
[WhiteElo "2057"]
[BlackElo "2340"]
[PlyCount "52"]
[EventDate "2009.11.11"]
[EventType "swiss"]
[EventRounds "11"]
[EventCountry "TUR"]
[Source "lmi"]
[SourceDate "2009.11.11"]

1. e4 c6 2. d4 d5 3. Nd2 dxe4 4. Nxe4 Bf5 5. Ng3 Bg6 6. h4 h6 7. Nf3 Nd7 8. h5
Bh7 9. Bd3 Bxd3 10. Qxd3 e6 11. Bf4 Bb4+ 12. c3 Be7 13. Ne4 Ndf6 14. O-O-O Nxe4
15. Qxe4 Nf6 16. Qc2 Qd5 17. Kb1 Qe4 18. Be5 Qxc2+ 19. Kxc2 O-O 20. Bxf6 Bxf6
21. g4 Rfd8 22. Rdg1 Rd7 23. Nd2 Rad8 24. Ne4 Be7 25. b4 b6 26. Rd1 f5 0-1

[Event "Campeonato del Mundo sub-18 Femenino"]
[Site "Kemer TUR"]
[Date "2009.11.12"]
[Round "1.3"]
[White "Guramishvili, Sopiko"]
[Black "Bakhtiyarly, Aysel Anvar Qizi"]
[Result "0-1"]
[WhiteElo "2327"]
[BlackElo "2042"]
[PlyCount "71"]
[EventDate "2009.11.11"]
[EventType "swiss"]
[EventRounds "11"]
[EventCountry "TUR"]
[Source "lmi"]
[SourceDate "2009.11.11"]

1. d4 d5 2. c4 e6 3. Nc3 Nf6 4. cxd5 exd5 5. Bg5 Be7 6. e3 O-O 7. Bd3 b6 8.
Bxf6 Bxf6 9. Qh5 g6 10. Qxd5 c6 11. Qxd8 Rxd8 12. Nge2 Bb7 13. Be4 Na6 14. O-O
Rd7 15. Rad1 Rad8 16. Nf4 Bh8 17. Rfe1 Kf8 18. Kf1 Ke7 19. f3 Kf8 20. Rd2 Be5
21. Nfe2 f5 22. Bd3 Nb4 23. Bc4 c5 24. Bb5 Rd6 25. a3 cxd4 26. exd4 Nc6 27.
Bxc6 Bxc6 28. Red1 Bxh2 29. f4 g5 30. fxg5 Rg6 31. d5 Bb7 32. g3 Rxg5 33. Kg2
Bxg3 34. Nxg3 f4 35. Nce4 Bxd5 36. Kf1 0-1

[Event "Campeonato del Mundo sub-18 Femenino"]
[Site "Kemer TUR"]
[Date "2009.11.12"]
[Round "1.4"]
[White "Motycakova, Monika"]
[Black "Vojinovic, Jovana"]
[Result "1-0"]
[WhiteElo "2038"]
[BlackElo "2319"]
[PlyCount "81"]
[EventDate "2009.11.11"]
[EventType "swiss"]
[EventRounds "11"]
[EventCountry "TUR"]
[Source "lmi"]
[SourceDate "2009.11.11"]

1. e4 e6 2. d4 d5 3. Nd2 Be7 4. Bd3 c5 5. dxc5 Nf6 6. Qe2 Nc6 7. Ngf3 Nb4 8. e5
Nd7 9. O-O Nxd3 10. cxd3 Nxc5 11. Nd4 O-O 12. f4 Qb6 13. N2f3 a5 14. Be3 Qa6
15. Rad1 Bd7 16. g4 f6 17. exf6 gxf6 18. g5 Qd6 19. gxf6 Bxf6 20. Ng5 Qe7 21.
Qh5 Qg7 22. Kh1 Be8 23. Qh3 Bxg5 24. Rg1 Qe7 25. Rxg5+ Bg6 26. Nf3 Rf5 27. Bxc5
Qxc5 28. Ne5 Rf6 29. Nd7 Qe7 30. Nxf6+ Qxf6 31. Re1 Ra6 32. Qg3 Rc6 33. h4 Kf7
34. h5 Bf5 35. Rg1 Ke7 36. Rg7+ Kd6 37. Rxb7 Rc2 38. Rg2 Rc1+ 39. Kh2 Bxd3 40.
f5+ e5 41. Rb6+ 1-0

[Event "Campeonato del Mundo sub-18 Femenino"]
[Site "Kemer TUR"]
[Date "2009.11.12"]
[Round "1.5"]
[White "Tsatsalashvili, Keti"]
[Black "Haug, Marianne Wold"]
[Result "1-0"]
[WhiteElo "2288"]
[BlackElo "2005"]
[PlyCount "73"]
[EventDate "2009.11.11"]
[EventType "swiss"]
[EventRounds "11"]
[EventCountry "TUR"]
[Source "lmi"]
[SourceDate "2009.11.11"]

1. d4 Nf6 2. c4 g6 3. Nc3 Bg7 4. e4 d6 5. Nf3 O-O 6. Be2 e5 7. O-O Nc6 8. d5
Ne7 9. Nd2 a5 10. Rb1 Nd7 11. a3 f5 12. b4 b6 13. Nb3 axb4 14. axb4 Nf6 15. f3
c6 16. dxc6 Nxc6 17. Nd5 Be6 18. Be3 Bxd5 19. cxd5 Nxb4 20. Nd2 Na6 21. Bxb6
Qe7 22. Bb5 Bh6 23. Re1 Rfc8 24. exf5 gxf5 25. Bc6 Rab8 26. Nc4 Nd7 27. Ba7 Rb4
28. Rxb4 Nxb4 29. Bf2 Nf6 30. Nb6 Rc7 31. Bh4 Qf7 32. Qa4 Nxc6 33. dxc6 Nh5 34.
Nd7 Bg7 35. Qa8+ Bf8 36. Bd8 Qe8 37. Ra1 1-0

[Event "Campeonato del Mundo sub-18 Femenino"]
[Site "Kemer TUR"]
[Date "2009.11.12"]
[Round "1.6"]
[White "Jafari, Golnaz"]
[Black "Bhakti Pradip, Kulkarni"]
[Result "0-1"]
[WhiteElo "1999"]
[BlackElo "2263"]
[PlyCount "104"]
[EventDate "2009.11.11"]
[EventType "swiss"]
[EventRounds "11"]
[EventCountry "TUR"]
[Source "lmi"]
[SourceDate "2009.11.11"]

1. e4 c5 2. Nf3 g6 3. d4 cxd4 4. Nxd4 Nf6 5. Nc3 Nc6 6. Nxc6 bxc6 7. e5 Ng8 8.
Bc4 Bg7 9. Qe2 f5 10. O-O e6 11. f4 Qb6+ 12. Kh1 Ne7 13. Nd1 Nd5 14. Be3 Qa5
15. c3 O-O 16. b4 Qc7 17. Bc5 Re8 18. Bd6 Qd8 19. Bxd5 cxd5 20. c4 dxc4 21.
Qxc4 Qb6 22. Bc5 Qc6 23. b5 Qc7 24. Rc1 Bb7 25. Bg1 Qxc4 26. Rxc4 Rec8 27.
Rxc8+ Bxc8 28. Bc5 g5 29. Nf2 gxf4 30. Nd3 Bb7 31. Rxf4 Be4 32. Nf2 Bxe5 33.
Rh4 Rc8 34. Ba3 Bd5 35. Nd3 Rc3 36. Nxe5 Rxa3 37. Kg1 Rxa2 38. Nxd7 Rxg2+ 39.
Kf1 Kg7 40. Ra4 Rc2 41. Rxa7 Bc4+ 42. Kg1 Bxb5 43. Nb6+ Kg6 44. Re7 Re2 45. Nc8
f4 46. Nd6 Bd3 47. Ne8 f3 48. Rg7+ Kh6 49. Rf7 Rg2+ 50. Kh1 Be4 51. h4 f2 52.
Nd6 Rg7+ 0-1

[Event "Campeonato del Mundo sub-18 Femenino"]
[Site "Kemer TUR"]
[Date "2009.11.12"]
[Round "1.7"]
[White "Repina, Varvara"]
[Black "Mnatsakanyan, Diana"]
[Result "1-0"]
[WhiteElo "2258"]
[BlackElo "1973"]
[PlyCount "106"]
[EventDate "2009.11.11"]
[EventType "swiss"]
[EventRounds "11"]
[EventCountry "TUR"]
[Source "lmi"]
[SourceDate "2009.11.11"]

1. d4 d5 2. c4 dxc4 3. Nf3 Nf6 4. Nc3 Bg4 5. e3 e6 6. Bxc4 c5 7. O-O Nc6 8. h3
Bxf3 9. Qxf3 cxd4 10. exd4 Bd6 11. d5 Nd4 12. Qd3 exd5 13. Re1+ Be7 14. Nxd5
Ne6 15. Nxf6+ Bxf6 16. Bxe6 fxe6 17. Rxe6+ Kf8 18. Qa3+ Kf7 19. Qb3 Kg6 20. Re3
h6 21. Rg3+ Kh7 22. Qc2+ Kg8 23. Qc4+ Kh7 24. Qe4+ Kg8 25. Be3 Qd7 26. Qc4+ Qf7
27. Qc2 Qe6 28. Rg4 Rc8 29. Qg6 Qf7 30. Qf5 Rd8 31. Bxa7 Bxb2 32. Qxf7+ Kxf7
33. Rb1 Rd2 34. Be3 Rc2 35. Rb4 Be5 36. Rxb7+ Kg6 37. a4 Ra8 38. R1b6+ Bf6 39.
Rb4 Ra2 40. Rg4+ Kf5 41. Rb5+ Ke6 42. Re4+ Kd6 43. Bf4+ Kc6 44. Rc4+ Kd7 45.
Rbb4 Ke6 46. g4 Rd8 47. Be3 Rd1+ 48. Kg2 Rd3 49. Rb6+ Kf7 50. Kf3 Rda3 51. Rc7+
Kg6 52. h4 h5 53. g5 Ra1 1-0

[Event "Campeonato del Mundo sub-18 Femenino"]
[Site "Kemer TUR"]
[Date "2009.11.12"]
[Round "1.8"]
[White "Alpysbayeva, Aigerim"]
[Black "Kulon, Klaudia"]
[Result "0-1"]
[WhiteElo "1972"]
[BlackElo "2233"]
[PlyCount "82"]
[EventDate "2009.11.11"]
[EventType "swiss"]
[EventRounds "11"]
[EventCountry "TUR"]
[Source "lmi"]
[SourceDate "2009.11.11"]

1. d4 d5 2. c4 e6 3. g3 c6 4. b3 dxc4 5. Nf3 cxb3 6. Qxb3 Nf6 7. Nbd2 Qb6 8.
Qc2 c5 9. Ba3 Nbd7 10. Rc1 Qa5 11. Bxc5 Nxc5 12. dxc5 Bd7 13. Bg2 Rc8 14. O-O
Bxc5 15. Qb1 Qb5 16. Nb3 b6 17. Nfd4 Bxd4 18. Rxc8+ Bxc8 19. Nxd4 Qxb1 20. Rxb1
Bd7 21. Rc1 Kd8 22. Bb7 Ke7 23. f4 Rd8 24. Bf3 Rc8 25. Rxc8 Bxc8 26. Nc6+ Kd6
27. Ne5 Nd5 28. Nxf7+ Kc5 29. a3 Nc3 30. Ne5 Nb1 31. Be4 Nxa3 32. Bxh7 Nc4 33.
Nd3+ Kd4 34. Kf2 a5 35. h4 a4 36. Nb4 Kc3 37. Nc2 e5 38. f5 Nd6 39. f6 gxf6 40.
h5 Bf5 41. Bg6 Bxc2 0-1

[Event "Campeonato del Mundo sub-18 Femenino"]
[Site "Kemer TUR"]
[Date "2009.11.12"]
[Round "1.9"]
[White "Semenova, Elena"]
[Black "Ursente, Maria-Eugenia"]
[Result "1-0"]
[WhiteElo "2233"]
[BlackElo "1968"]
[PlyCount "23"]
[EventDate "2009.11.11"]
[EventType "swiss"]
[EventRounds "11"]
[EventCountry "TUR"]
[Source "lmi"]
[SourceDate "2009.11.11"]

1. e4 g6 2. d4 Bg7 3. f4 d6 4. Nf3 Nf6 5. Nc3 O-O 6. Be2 Na6 7. O-O c5 8. Kh1
cxd4 9. Nxd4 Qb6 10. e5 Nd7 11. Nd5 Qc5 12. Nb3 1-0

[Event "Campeonato del Mundo sub-18 Femenino"]
[Site "Kemer TUR"]
[Date "2009.11.12"]
[Round "1.11"]
[White "Nakhbayeva, Guliskhan"]
[Black "Elansary, Eman"]
[Result "1-0"]
[WhiteElo "2201"]
[BlackElo "1926"]
[PlyCount "55"]
[EventDate "2009.11.11"]
[EventType "swiss"]
[EventRounds "11"]
[EventCountry "TUR"]
[Source "lmi"]
[SourceDate "2009.11.11"]

1. d4 d5 2. c4 e6 3. Nc3 Nf6 4. Bg5 Be7 5. e3 h6 6. Bh4 Nbd7 7. Nf3 O-O 8. Rc1
c6 9. cxd5 exd5 10. Bd3 Ne4 11. Bxe7 Qxe7 12. O-O f5 13. Qc2 Re8 14. Rb1 Qf6
15. b4 b5 16. Rfc1 Nxc3 17. Qxc3 Bb7 18. h3 f4 19. exf4 Qxf4 20. Re1 Nf6 21.
Ne5 Rac8 22. g3 Qg5 23. h4 Ne4 24. Bxe4 Qf6 25. Bc2 Qf8 26. Re2 Qd6 27. Qd3 g6
28. Nxg6 1-0

[Event "Campeonato del Mundo sub-18 Femenino"]
[Site "Kemer TUR"]
[Date "2009.11.12"]
[Round "1.12"]
[White "Ibragimova, Iroda"]
[Black "Pon Namasivayam, Krithikha"]
[Result "0-1"]
[WhiteElo "1917"]
[BlackElo "2196"]
[PlyCount "82"]
[EventDate "2009.11.11"]
[EventType "swiss"]
[EventRounds "11"]
[EventCountry "TUR"]
[Source "lmi"]
[SourceDate "2009.11.11"]

1. e4 Nf6 2. Nc3 d5 3. e5 d4 4. exf6 dxc3 5. fxe7 cxd2+ 6. Bxd2 Bxe7 7. Bd3 Be6
8. Bc3 Bf6 9. Bb5+ Nd7 10. Bxd7+ Bxd7 11. Qe2+ Be6 12. Qf3 Bxc3+ 13. Qxc3 Qd5
14. Ne2 O-O-O 15. O-O Qd2 16. Qf3 h5 17. Nc3 Qxc2 18. Qe3 Kb8 19. Nb5 Qa4 20.
Qe5 Qa5 21. b4 Qb6 22. Rac1 f6 23. Qxc7+ Qxc7 24. Nxc7 Bxa2 25. Rfe1 Rd7 26.
Nb5 a6 27. Nc3 Bf7 28. Na4 Rhd8 29. Nc5 Rd4 30. Rb1 Bc4 31. h3 b6 32. Ne6 Bxe6
33. Rxe6 Rd1+ 34. Rxd1 Rxd1+ 35. Kh2 Kc7 36. Re7+ Rd7 37. Re6 Rd4 38. Re7+ Kc6
39. Rxg7 Rxb4 40. g4 hxg4 41. h4 f5 0-1

[Event "Campeonato del Mundo sub-18 Femenino"]
[Site "Kemer TUR"]
[Date "2009.11.12"]
[Round "1.13"]
[White "Warakomska, Anna"]
[Black "Barbier, Wiebke"]
[Result "1-0"]
[WhiteElo "2189"]
[BlackElo "1911"]
[PlyCount "67"]
[EventDate "2009.11.11"]
[EventType "swiss"]
[EventRounds "11"]
[EventCountry "TUR"]
[Source "lmi"]
[SourceDate "2009.11.11"]

1. e4 e5 2. Nf3 Nf6 3. d4 Nxe4 4. Bd3 d5 5. Nxe5 Bd6 6. O-O O-O 7. Nc3 Nxc3 8.
bxc3 c5 9. Qh5 g6 10. Qh6 Qf6 11. Bg5 Qg7 12. Qh4 f5 13. Nf3 c4 14. Bh6 Qf6 15.
Bxf8 Qxf8 16. Be2 f4 17. g3 Nc6 18. Rfe1 Ne7 19. Ne5 fxg3 20. hxg3 Bf5 21. Bf3
Qe8 22. Qh1 b6 23. Ng4 Kh8 24. Ne3 Ba3 25. Rab1 Rd8 26. Re2 Qf7 27. Rbe1 Bb2
28. Nxc4 Bxc3 29. Rxe7 Qg8 30. Ne5 Be6 31. Nxg6+ Qxg6 32. R1xe6 Qxc2 33. Qh6
Bxd4 34. Re8+ 1-0

[Event "Campeonato del Mundo sub-18 Femenino"]
[Site "Kemer TUR"]
[Date "2009.11.12"]
[Round "1.14"]
[White "Orehek, Spela"]
[Black "Havlikova, Kristyna"]
[Result "0-1"]
[WhiteElo "1890"]
[BlackElo "2185"]
[PlyCount "52"]
[EventDate "2009.11.11"]
[EventType "swiss"]
[EventRounds "11"]
[EventCountry "TUR"]
[Source "lmi"]
[SourceDate "2009.11.11"]

1. e4 c5 2. c3 Nf6 3. e5 Nd5 4. d4 cxd4 5. Nf3 Nc6 6. cxd4 d6 7. Bc4 Nb6 8. Bb5
d5 9. O-O Bd7 10. Nc3 Rc8 11. Re1 a6 12. Bxc6 Rxc6 13. Ng5 h6 14. Qh5 g6 15.
Qh4 Bg7 16. Nh3 g5 17. Qh5 Qc8 18. f3 Bf5 19. a4 Qe6 20. Rf1 Rc4 21. Be3 Rb4
22. Nf2 Rxb2 23. f4 g4 24. Rab1 Bxb1 25. Rxb1 Rxb1+ 26. Nxb1 Qg6 0-1

[Event "Campeonato del Mundo sub-18 Femenino"]
[Site "Kemer TUR"]
[Date "2009.11.12"]
[Round "1.15"]
[White "Ni, Viktorija"]
[Black "Hamza, Amira"]
[Result "1-0"]
[WhiteElo "2181"]
[BlackElo "1883"]
[PlyCount "49"]
[EventDate "2009.11.11"]
[EventType "swiss"]
[EventRounds "11"]
[EventCountry "TUR"]
[Source "lmi"]
[SourceDate "2009.11.11"]

1. d4 d5 2. c4 e6 3. Nc3 Nf6 4. cxd5 exd5 5. Bg5 Be7 6. e3 O-O 7. Bd3 c6 8. Qc2
Nbd7 9. Nge2 Re8 10. f3 Nf8 11. O-O Ne6 12. Bxf6 Bxf6 13. Bxh7+ Kh8 14. Bf5 Rg8
15. Rad1 g6 16. Bh3 Qe7 17. e4 dxe4 18. fxe4 Rd8 19. e5 Bg7 20. Ne4 Rf8 21. Qc1
Nc7 22. Nf6 Bxh3 23. Qg5 Bg4 24. Qxg4 Bh6 25. Qh4 1-0

[Event "Campeonato del Mundo sub-18 Femenino"]
[Site "Kemer TUR"]
[Date "2009.11.12"]
[Round "1.16"]
[White "Ursu, Ana-Maria"]
[Black "Agrest, Inna"]
[Result "1/2-1/2"]
[WhiteElo "1876"]
[BlackElo "2180"]
[PlyCount "68"]
[EventDate "2009.11.11"]
[EventType "swiss"]
[EventRounds "11"]
[EventCountry "TUR"]
[Source "lmi"]
[SourceDate "2009.11.11"]

1. c4 g6 2. Nc3 Bg7 3. d4 Nf6 4. Nf3 O-O 5. g3 d6 6. Bg2 Bd7 7. O-O Qc8 8. Re1
Bh3 9. Bh1 h6 10. Bf4 Nh5 11. Nd5 Nc6 12. Be3 e6 13. Nc3 Ne7 14. Qd3 f5 15. Bd2
c6 16. e4 f4 17. Ne2 g5 18. e5 d5 19. Bb4 Qe8 20. Qa3 Rf7 21. Bxe7 Rxe7 22. c5
Qf7 23. Nd2 Rf8 24. f3 g4 25. Bg2 Bxg2 26. Kxg2 fxg3 27. hxg3 gxf3+ 28. Qxf3
Qg6 29. Qe3 Ref7 30. Rf1 Rf5 31. Rxf5 Rxf5 32. Rf1 Bf8 33. Rxf5 Qxf5 34. Qf3
Qg5 1/2-1/2

[Event "Campeonato del Mundo sub-18 Femenino"]
[Site "Kemer TUR"]
[Date "2009.11.12"]
[Round "1.17"]
[White "Ozturk, Kubra"]
[Black "Walallawita, Lihini Ashwini"]
[Result "1-0"]
[WhiteElo "2177"]
[BlackElo "1797"]
[PlyCount "83"]
[EventDate "2009.11.11"]
[EventType "swiss"]
[EventRounds "11"]
[EventCountry "TUR"]
[Source "lmi"]
[SourceDate "2009.11.11"]

1. d4 Nf6 2. c4 e6 3. Nf3 b6 4. g3 Bb7 5. Bg2 Be7 6. O-O O-O 7. Nc3 d5 8. Ne5
Nbd7 9. Bf4 a6 10. cxd5 exd5 11. Qb3 c6 12. Rac1 b5 13. Rfd1 Nh5 14. e4 Nxf4
15. gxf4 Nf6 16. Ne2 Qd6 17. Ng3 g6 18. Qe3 Kg7 19. Nd3 Qb8 20. exd5 Qc7 21.
dxc6 Bc8 22. d5 Bd6 23. Qd4 Bf5 24. Ne5 Bc8 25. Bf3 Qa7 26. Qc3 b4 27. Qe3 Qc7
28. Qd4 Qa7 29. Ne4 Qxd4 30. Rxd4 Nxe4 31. Bxe4 Ra7 32. Bf3 a5 33. Nc4 Rd8 34.
Re1 f5 35. Kg2 Bc5 36. Rdd1 Kf8 37. d6 Kf7 38. c7 Re8 39. Rxe8 Kxe8 40. Bc6+
Bd7 41. c8=Q+ Kf7 42. Ne5+ 1-0

[Event "Campeonato del Mundo sub-18 Femenino"]
[Site "Kemer TUR"]
[Date "2009.11.12"]
[Round "1.18"]
[White "Hattingh, Angelique"]
[Black "Marshall, Abby"]
[Result "0-1"]
[WhiteElo "1790"]
[BlackElo "2176"]
[PlyCount "72"]
[EventDate "2009.11.11"]
[EventType "swiss"]
[EventRounds "11"]
[EventCountry "TUR"]
[Source "lmi"]
[SourceDate "2009.11.11"]

1. e4 e5 2. Nf3 Nc6 3. d4 exd4 4. Bc4 Nf6 5. O-O Nxe4 6. Re1 d5 7. Bxd5 Qxd5 8.
Nc3 Qh5 9. Nxe4 Be6 10. Bg5 Bd6 11. Nxd6+ cxd6 12. Bf4 Qc5 13. Ng5 Qf5 14. Nxe6
fxe6 15. Bxd6 Rd8 16. Ba3 Kf7 17. Qe2 Rhe8 18. Rad1 Kg8 19. Rd3 Qd5 20. Rb3 b6
21. Ra1 e5 22. Rg3 e4 23. b3 d3 24. Qd2 Nd4 25. cxd3 exd3 26. Rg5 Re5 27. Rxe5
Qxe5 28. Re1 Ne2+ 29. Kh1 Rd4 30. h3 Qd5 31. Bb2 Re4 32. Rd1 Qd6 33. Qxd3 Ng3+
34. Kh2 Nf1+ 35. Kg1 Qh2+ 36. Kxf1 Qh1# 0-1

[Event "Campeonato del Mundo sub-18 Femenino"]
[Site "Kemer TUR"]
[Date "2009.11.12"]
[Round "1.19"]
[White "Eric, Jovana"]
[Black "De Oliveira, Ana Paula"]
[Result "1-0"]
[WhiteElo "2163"]
[BlackElo "1786"]
[PlyCount "61"]
[EventDate "2009.11.11"]
[EventType "swiss"]
[EventRounds "11"]
[EventCountry "TUR"]
[Source "lmi"]
[SourceDate "2009.11.11"]

1. e4 c5 2. Nf3 d6 3. d4 cxd4 4. Nxd4 Nf6 5. Nc3 g6 6. Be2 Bg7 7. O-O O-O 8.
Bg5 Nc6 9. Nb3 Be6 10. Kh1 Qd7 11. f4 Rac8 12. Qd2 Rfd8 13. Rae1 a6 14. Bd3
Bxb3 15. axb3 b5 16. Nd5 Qa7 17. Bh4 Ne8 18. c3 Rb8 19. f5 Rd7 20. Bb1 e6 21.
Ne3 b4 22. f6 Bf8 23. Bc2 a5 24. Ng4 d5 25. Bf2 Qb7 26. e5 h5 27. Nh6+ Kh7 28.
Nxf7 Rxf7 29. Bxg6+ Kg8 30. Qg5 Rg7 31. f7+ 1-0

[Event "Campeonato del Mundo sub-18 Femenino"]
[Site "Kemer TUR"]
[Date "2009.11.12"]
[Round "1.20"]
[White "Oliver, Tamzin"]
[Black "Brunello, Marina"]
[Result "0-1"]
[WhiteElo "1777"]
[BlackElo "2158"]
[PlyCount "70"]
[EventDate "2009.11.11"]
[EventType "swiss"]
[EventRounds "11"]
[EventCountry "TUR"]
[Source "lmi"]
[SourceDate "2009.11.11"]

1. e4 c5 2. Nc3 d6 3. f4 Nc6 4. Nf3 g6 5. Bc4 Bg7 6. O-O e6 7. a4 Nge7 8. d3
O-O 9. Qe1 Nd4 10. Nxd4 cxd4 11. Ne2 d5 12. Ba2 Bd7 13. e5 Qb6 14. b3 Rfc8 15.
Bb1 f6 16. a5 Qc7 17. Ba3 Nf5 18. exf6 Bxf6 19. Bc1 Ne3 20. Bxe3 dxe3 21. d4
Bb5 22. Ra2 Bxe2 23. Qxe2 Bxd4 24. Ra4 Bc5 25. Rd1 Qc6 26. Kf1 a6 27. Ra2 Ba7
28. Rd3 Rf8 29. g3 e5 30. Ra4 d4 31. Kg1 exf4 32. gxf4 Rae8 33. Rc4 Qd6 34. Rd1
Qxf4 35. Rf1 Qg5+ 0-1

[Event "Campeonato del Mundo sub-18 Femenino"]
[Site "Kemer TUR"]
[Date "2009.11.12"]
[Round "1.21"]
[White "Korchagina, Victoria"]
[Black "Dimitrova, Aseniya"]
[Result "1-0"]
[WhiteElo "2150"]
[BlackElo "1744"]
[PlyCount "73"]
[EventDate "2009.11.11"]
[EventType "swiss"]
[EventRounds "11"]
[EventCountry "TUR"]
[Source "lmi"]
[SourceDate "2009.11.11"]

1. e4 c5 2. Nf3 d6 3. d4 cxd4 4. Nxd4 Nf6 5. Nc3 a6 6. f3 e5 7. Nb3 Be6 8. Be3
Be7 9. Qd2 O-O 10. O-O-O Nbd7 11. g4 b5 12. g5 b4 13. Ne2 Ne8 14. f4 a5 15. f5
Bxb3 16. cxb3 a4 17. bxa4 Rxa4 18. Kb1 Nb6 19. Nc1 Qb8 20. Rg1 Qb7 21. Bd3 Nd7
22. Bc2 Ra8 23. f6 Bd8 24. fxg7 Nxg7 25. Qxd6 Nb6 26. Qxb4 Rb8 27. Nb3 Ne6 28.
h4 Be7 29. Qxb6 Qxb6 30. Bxb6 Rxb6 31. Rd7 Bc5 32. Nxc5 Nxc5 33. Rd5 Ne6 34.
Rxe5 Rfb8 35. b3 Nd4 36. Rd1 Ne2 37. Rc5 1-0

[Event "Campeonato del Mundo sub-18 Femenino"]
[Site "Kemer TUR"]
[Date "2009.11.12"]
[Round "1.22"]
[White "Finnbogadottir, Tinna"]
[Black "Dudas, Eszter"]
[Result "0-1"]
[WhiteElo "1710"]
[BlackElo "2147"]
[PlyCount "80"]
[EventDate "2009.11.11"]
[EventType "swiss"]
[EventRounds "11"]
[EventCountry "TUR"]
[Source "lmi"]
[SourceDate "2009.11.11"]

1. e4 c5 2. c3 d5 3. exd5 Qxd5 4. d4 g6 5. Na3 cxd4 6. Nb5 Na6 7. Nf3 Bg7 8.
Nfxd4 Nf6 9. Be3 Ng4 10. Nc2 Nxe3 11. Nxe3 Qc6 12. Nd4 Qc7 13. h4 h5 14. Bc4
O-O 15. Qf3 Nc5 16. Rd1 a6 17. O-O e6 18. g4 e5 19. gxh5 exd4 20. hxg6 Ne6 21.
cxd4 Qe7 22. Nf5 Qf6 23. Nh6+ Kh8 24. Nxf7+ Kg8 25. Qh5 Rxf7 26. gxf7+ Kf8 27.
Rfe1 Bd7 28. Re4 Rc8 29. Bb3 Nf4 30. Rxf4 Qxf4 31. Qd5 Qg4+ 32. Kf1 Bb5+ 33.
Qxb5 axb5 34. d5 Kxf7 35. d6+ Kf8 36. Re1 Qh3+ 37. Kg1 Qxh4 38. Re3 Rc1+ 39.
Kg2 Qh1+ 40. Kg3 Rg1+ 0-1

[Event "Campeonato del Mundo sub-18 Femenino"]
[Site "Kemer TUR"]
[Date "2009.11.12"]
[Round "1.23"]
[White "Aliaga Fernandez, Ingrid Yadyra"]
[Black "Hadziselimovic, Maja"]
[Result "1-0"]
[WhiteElo "2146"]
[BlackElo "1681"]
[PlyCount "51"]
[EventDate "2009.11.11"]
[EventType "swiss"]
[EventRounds "11"]
[EventCountry "TUR"]
[Source "lmi"]
[SourceDate "2009.11.11"]

1. e4 e5 2. Nf3 d6 3. d4 Nf6 4. dxe5 Nxe4 5. h3 Be7 6. Bd3 Nc5 7. exd6 Qxd6 8.
Bb5+ c6 9. Qxd6 Bxd6 10. Be2 O-O 11. O-O Re8 12. Be3 Be6 13. Rd1 Be7 14. Nd4
Bf6 15. Nc3 Nbd7 16. b4 Bxd4 17. Rxd4 Na6 18. Rad1 b5 19. a4 Nc7 20. Rxd7 Bxd7
21. Rxd7 Rec8 22. axb5 cxb5 23. Bf3 Kf8 24. Bxa8 Nxa8 25. Bc5+ Kg8 26. Nxb5 1-0

[Event "Campeonato del Mundo sub-18 Femenino"]
[Site "Kemer TUR"]
[Date "2009.11.12"]
[Round "1.24"]
[White "Lokunarangoda, Jalashi Changa M"]
[Black "Uuganbayar, Lkhamsuren"]
[Result "0-1"]
[WhiteElo "1576"]
[BlackElo "2136"]
[PlyCount "66"]
[EventDate "2009.11.11"]
[EventType "swiss"]
[EventRounds "11"]
[EventCountry "TUR"]
[Source "lmi"]
[SourceDate "2009.11.11"]

1. Nf3 d5 2. e3 Nf6 3. b3 Bg4 4. Be2 e6 5. Bb2 Bd6 6. d3 Nbd7 7. Nbd2 O-O 8.
O-O Re8 9. c4 c5 10. Rc1 a6 11. h3 Bh5 12. Ng5 Bg6 13. d4 cxd4 14. Bxd4 Ba3 15.
Ra1 e5 16. Bc3 b5 17. Nb1 b4 18. Nxa3 bxc3 19. cxd5 Qa5 20. Nc4 Qxd5 21. Nf3 c2
22. Qc1 Ne4 23. Na3 Nc3 24. Re1 Nxe2+ 25. Rxe2 Rac8 26. Nd2 Bd3 27. Re1 Nb6 28.
e4 Qd4 29. Nf3 Qb4 30. Nd2 Qc3 31. Re3 Qxa1 32. Qxa1 c1=Q+ 33. Qxc1 Rxc1+ 0-1

[Event "Campeonato del Mundo sub-18 Femenino"]
[Site "Kemer TUR"]
[Date "2009.11.13"]
[Round "2.1"]
[White "Marshall, Abby"]
[Black "Savina, Anastasia"]
[Result "0-1"]
[WhiteElo "2176"]
[BlackElo "2401"]
[PlyCount "167"]
[EventDate "2009.11.11"]
[EventType "swiss"]
[EventRounds "11"]
[EventCountry "TUR"]
[Source "lmi"]
[SourceDate "2009.11.11"]

1. e4 c5 2. Nf3 Nc6 3. c3 Nf6 4. e5 Nd5 5. d4 cxd4 6. Bc4 Nb6 7. Bb3 d5 8. exd6
Qxd6 9. O-O Be6 10. Bxe6 Qxe6 11. Nxd4 Nxd4 12. Qxd4 Rd8 13. Qf4 g6 14. Nd2 Bg7
15. Nf3 Qc4 16. Qg3 O-O 17. Be3 Qb5 18. Rab1 Nc4 19. Bg5 f6 20. Bc1 e5 21. b3
Nd6 22. Qg4 f5 23. Qh4 Ne4 24. c4 Qa6 25. a4 Nc3 26. Bg5 Rd3 27. Rbe1 Ne4 28.
Re3 Rxe3 29. Bxe3 f4 30. Bc1 Qe6 31. Re1 Bf6 32. Qh6 Qf5 33. Nh4 Qg5 34. Qxg5
Nxg5 35. Kf1 Rd8 36. Bb2 Nf7 37. Nf3 Rd3 38. Bxe5 Nxe5 39. Nxe5 Rxb3 40. Nd7
Kf7 41. Nxf6 Kxf6 42. a5 Rb4 43. Rc1 Ke5 44. a6 bxa6 45. c5 Rb7 46. Ra1 Kd5 47.
Ke2 Kxc5 48. Rxa6 Kb5 49. Rf6 Rd7 50. Rxf4 a5 51. Rf8 a4 52. Rb8+ Kc4 53. Ra8
Kb3 54. Rb8+ Kc2 55. Rc8+ Kb2 56. Rb8+ Ka3 57. Ra8 Rd4 58. Ra7 Rb4 59. Kd2 Kb2
60. Rc7 Rd4+ 61. Ke3 Rd1 62. Rb7+ Ka2 63. Rxh7 a3 64. Ke2 Rg1 65. g3 Kb2 66.
Rb7+ Ka1 67. h4 Rb1 68. Ra7 Rb3 69. Kd2 Kb2 70. g4 a2 71. f4 a1=Q 72. Rxa1 Kxa1
73. Ke2 Kb2 74. f5 gxf5 75. gxf5 Rh3 76. Kf2 Kc3 77. Kg2 Rxh4 78. Kg3 Rh8 79.
Kf4 Kd4 80. f6 Kd5 81. Kf5 Kd6 82. Kg6 Ke6 83. Kg7 Rb8 84. f7 0-1